00805nam a2200217 i 450000100060000000300090000600500170001500700030003200800410003510000360007624501370011225000190024926000620026830000220033050000120035250400200036470000310038485200330041599900170044895201220046559095ES-MaACL20230906163949.0t|031027s1966 gw ||||1| ger d1 aEichendorff, Joseph von.94680410aEichendorff heute b: Stimmen der Forschung mit einer Bibliographie / cJoseph von Eichendorff ; herausgegeben von Paul Stöcklein. a2ª erg. aufl. aDarmstadt : bWissenschaftliche Buchgesellschaft, c1966. a330 p. ; c21 cm. aIndice. aBibliografía.1 aStöcklein, Paul.9108253 aES-MaACLjL-11490 bR.113423 c59095d59095 00104070aATENEOMbATENEOMcDEPO2d2008-01-17eSCl0oL-11490p1061989r2023-02-23 00:00:00w2023-02-23yMONOGRAFIA